| 000 | 00835nam a2200277#a 4500 | ||
|---|---|---|---|
| 001 | 00908 | ||
| 003 | HDC | ||
| 007 | ta | ||
| 008 | 230623s1999 xx 000 0 eng d | ||
| 020 | _a0471292125 (pbk.). | ||
| 040 | _aHDC | ||
| 050 |
_a TP 200 _b.L49 1999 |
||
| 100 | _aLewis, Grace Ross. | ||
| 245 | 0 |
_a 1001 chemicals in everyday products / _cGrace Ross Lewis. |
|
| 246 | _aOne thousand one chemicals in everyday products | ||
| 250 | _a2nd ed. | ||
| 264 |
_aNew York : _bWiley, _cc1999. |
||
| 300 |
_a x,388p. ; _c 24cm. |
||
| 500 |
_aA Wiley-Interscience publication. _aIncludes index. |
||
| 504 | _a"Also available as an electronic book via the World Wide Web to institutions affiliated with netLibrary, Inc." | ||
| 650 | _aChemicals. | ||
| 942 | _2lcc | ||
| 942 | _cBK | ||
| 942 | _k TP 200 | ||
| 942 | _m.L49 1999 | ||
| 999 |
_c22512 _d22512 |
||